Canadian/US/UK Logos #4 - Statistics

General Stats
  • This quiz has been taken 14 times
  • The average score is 8 of 20
Answer Stats
Picture Answer % Correct
Orange
67%
Second Cup
58%
Buc-ee's
50%
Petro-Canada
50%
Telus
50%
Caribou Coffee
42%
Freshii
42%
Noodles & Company
42%
Scotiabank
42%
Taco John's
42%
Zaxby's
42%
Biggby Coffee
33%
Husky Energy
33%
Old Dutch
33%
Pret a Manger
33%
Rona
33%
The Source
33%
Yogen Früz
33%
Cora
25%
Marmite
25%
No matching quizzes found
Score Distribution
Percent of People with Each Score
Percentile by Number Answered
Your Score History
You have not taken this quiz